Механизм релаксации Ландау-Румера тепловых и высокочастотных фононов в кубических кримталлах германия, кремния и алмаза; Журнал экспериментальной и теоретической физики; Т. 126, вып. 1

Бібліографічні деталі
Parent link:Журнал экспериментальной и теоретической физики=ЖЭТФ/ Российская академия наук (РАН) ; Отделение физических наук РАН.— , 1931-.— 0044-4510
Т. 126, вып. 1.— 2004.— с. 129-141
Автор: Кулеев И. Г.
Інші автори: Кулеев И. И.
Мова:Російська
Опубліковано: 2004
Серія:Твердые тела
Предмети:
Формат: Частина з книги
KOHA link:https://koha.lib.tpu.ru/cgi-bin/koha/opac-detail.pl?biblionumber=431771

MARC

LEADER 00000naa2a2200000 4500
001 431771
005 20231101075417.0
035 |a (RuTPU)RU\TPU\prd\91944 
035 |a RU\TPU\prd\34238 
090 |a 431771 
100 |a 20101202a2004 k y0rusy50 ca 
101 0 |a rus 
102 |a RU 
200 1 |a Механизм релаксации Ландау-Румера тепловых и высокочастотных фононов в кубических кримталлах германия, кремния и алмаза  |f И. Г. Кулеев, И. И. Кулеев 
225 1 |a Твердые тела  |e Структура 
320 |a Библиогр.: 28 назв. 
461 1 |0 (RuTPU)RU\TPU\prd\1443  |x 0044-4510  |t Журнал экспериментальной и теоретической физики  |l ЖЭТФ  |f Российская академия наук (РАН) ; Отделение физических наук РАН  |d 1931- 
463 1 |0 (RuTPU)RU\TPU\prd\91933  |t Т. 126, вып. 1  |v с. 129-141  |d 2004 
610 1 |a релаксация Ландау-Румера 
610 1 |a тепловые высокочастотные фононы 
610 1 |a германий 
610 1 |a кремний 
610 1 |a алмазы 
610 1 |a кубические кристаллы 
610 1 |a поперечные фононы 
610 1 |a изотропная среда 
700 1 |a Кулеев  |b И. Г. 
701 1 |a Кулеев  |b И. И. 
801 1 |a RU  |b 63413507  |c 20050328  |g PSBO 
801 2 |a RU  |b 63413507  |c 20101203  |g RCR 
942 |c BK